Fundamentals of differential equations / (Record no. 144310)

MARC details
000 -LEADER
fixed length control field 00939nam a22002537a 4500
005 - DATE AND TIME OF LATEST TRANSACTION
control field 20180207161637.0
010 ## - LCCN (DPL NO)
LC control number 1718EN-30 ENG-121958
020 ## - INTERNATIONAL STANDARD BOOK NUMBER
International Standard Book Number 9789332570979
Terms of availability 729.00
035 ## - SYSTEM CONTROL NUMBER
System control number EN-105490
035 ## - SYSTEM CONTROL NUMBER
System control number B-684032-4042
037 ## - SOURCE OF ACQUISITION
Source of stock number/acquisition BSB
Stock number dpl
037 ## - SOURCE OF ACQUISITION
Source of stock number/acquisition DBAD/PUB
082 ## - DEWEY DECIMAL CLASSIFICATION NUMBER
Classification number 515.35
100 ## - MAIN ENTRY--PERSONAL NAME
Personal name Nagle, R. Kent
245 ## - TITLE STATEMENT
Title Fundamentals of differential equations /
Statement of responsibility, etc by R.Kent Nagle, Edward B. Saff [and] Arthur David Snider
250 ## - EDITION STATEMENT
Edition statement 8th ed
260 ## - PUBLICATION, DISTRIBUTION, ETC. (IMPRINT)
Date of publication, distribution, etc 2017
Place of publication, distribution, etc Noida
Name of publisher, distributor, etc Pearson India
270 ## - ADDRESS
Address 15th Floor,, Tower-B, World Trade, Plot No.1, Block-C, Sector-16,
City Noida
Postal code 201301
300 ## - PHYSICAL DESCRIPTION
Dimensions 25cm(pbk)
Extent 691p. :
Other physical details ill.
700 ## - ADDED ENTRY--PERSONAL NAME
Personal name Saff, Edward B.
700 ## - ADDED ENTRY--PERSONAL NAME
Personal name Snider, Arthur David
942 ## - ADDED ENTRY ELEMENTS (KOHA)
Item type English Books
Source of classification or shelving scheme Dewey Decimal Classification
Call number suffix NAG
Classification part 515.35
Holdings
Withdrawn status Lost status Not for loan Collection code Home library Current library Date acquired Source of acquisition Cost, normal purchase price Full call number Barcode Copy number Cost, replacement price Koha item type
      Non-fiction Ashok Vihar Ashok Vihar 06/02/2018 BSB/299/1.12.2017/BPPB/EN/2017-18/641/20.11.17/14.12.2017 729.00 515.35 NAG B-684033 1 729.00 English Books
    Not For Loan Non-fiction D.B.Act.Division Bawana 23/12/2017 DBAD/PUB 729.00 515.35 NAG EN-105490 1 729.00 English Books
      Non-fiction Bawana Bawana 06/02/2018 BSB/299/1.12.2017/BPPB/EN/2017-18/641/20.11.17/14.12.2017 729.00 515.35 NAG B-684041 1 729.00 English Books
      Non-fiction Central Library Central Library 06/02/2018 BSB/299/1.12.2017/BPPB/EN/2017-18/641/20.11.17/14.12.2017 729.00 515.35 NAG B-684032 1 729.00 English Books
      Non-fiction Janak Puri Janak Puri 06/02/2018 BSB/299/1.12.2017/BPPB/EN/2017-18/641/20.11.17/14.12.2017 729.00 515.35 NAG B-684038 1 729.00 English Books
      Non-fiction Kasturba Gandhi Marg Kasturba Gandhi Marg 06/02/2018 BSB/299/1.12.2017/BPPB/EN/2017-18/641/20.11.17/14.12.2017 729.00 515.35 NAG B-684035 1 729.00 English Books
      Non-fiction Narela Narela 06/02/2018 BSB/299/1.12.2017/BPPB/EN/2017-18/641/20.11.17/14.12.2017 729.00 515.35 NAG B-684040 1 729.00 English Books
      Non-fiction Patel Nagar Patel Nagar 06/02/2018 BSB/299/1.12.2017/BPPB/EN/2017-18/641/20.11.17/14.12.2017 729.00 515.35 NAG B-684034 1 729.00 English Books
      Non-fiction Peshwa Road Peshwa Road 06/02/2018 BSB/299/1.12.2017/BPPB/EN/2017-18/641/20.11.17/14.12.2017 729.00 515.35 NAG B-684036 1 729.00 English Books
      Non-fiction Sarojini Nagar Sarojini Nagar 06/02/2018 BSB/299/1.12.2017/BPPB/EN/2017-18/641/20.11.17/14.12.2017 729.00 515.35 NAG B-684039 1 729.00 English Books
      Non-fiction Shahdara Branch Shahdara Branch 06/02/2018 BSB/299/1.12.2017/BPPB/EN/2017-18/641/20.11.17/14.12.2017 729.00 515.35 NAG B-684042 1 729.00 English Books
      Non-fiction Tri Nagar Tri Nagar 06/02/2018 BSB/299/1.12.2017/BPPB/EN/2017-18/641/20.11.17/14.12.2017 729.00 515.35 NAG B-684037 1 729.00 English Books

© Delhi Public Library
Hit Counter
free hit counter